000 00399nam a22001697a 4500
005 20251108172620.0
008 250721s9999 xx 000 0 eng d
082 1 4 _a610.76MRC
100 1 _aKalra, Philip
245 1 0 _aPast topics : arevision syllsbus /
250 _a2
264 1 _aLondon :
_bPast test,
300 _a92 p
650 1 7 _aRelated topics
942 _2ddc
_cBK
999 _c84078
_d84078